Formas de países que comienzan con B - Estadísticas

Estadísticas generales
  • Esta prueba ha sido intentada 1.280 veces
  • La puntuación promedio es 11 de 17
Estadísticas de respuestas
Imagen Respuesta % Correcto
Brasil
89%
Bosnia y Herzegovina
75%
Bahamas
74%
Benín
74%
Bolivia
70%
Bangladés
69%
Bielorrusia
68%
Bulgaria
68%
Botsuana
67%
Bélgica
63%
Belice
59%
Burkina Faso
59%
Brunéi
56%
Bután
55%
Baréin
51%
Barbados
50%
Burundi
48%
No se encontraron pruebas coincidentes
Distribución de puntuación
Porcentaje de gente con cada puntuación
Porcentaje por número respondido
Historial de tus puntuaciones
No has intentado esta prueba.